| 000 | 01761nam a2200301Ia 4500 | ||
|---|---|---|---|
| 999 |
_c44011 _d44011 |
||
| 001 | 10761 | ||
| 003 | GE_BSU | ||
| 005 | 20200506180202.0 | ||
| 008 | 181216s2013ge xx |||||||||||||| ||geo|| | ||
| 020 | _a9789941106743 | ||
| 040 | _cGE_BSU | ||
| 041 | _ageo | ||
| 080 | _a343.98(075.8) ფ-32 | ||
| 100 |
_aფაფიაშვილი, შოთა . _93829 |
||
| 245 |
_aკრიმინალისტიკა :(ზოგადი ნაწილი):დანაშაულთა გამოძიებისა და გახსნის მეთოდოლოგია,ტექნიკა,ორგანიზაცია და ტაქტიკა: _bსახელმძღვ. / _cშოთა გიორგის ძე ფაფიაშვილი ; რედ.: შოთა კოზმანაშვილი ; ჯემალ გახოკიძე. |
||
| 264 |
_aთბილისი : _bმერიდიანი, _c2013. |
||
| 300 |
_a608 გვ .: _bსურ. ; _c24 სმ. |
||
| 504 | _aბიბლიოგრ. ტექსტ. შენიშვნ. და გვ. 587-594 | ||
| 520 | _aრეზ. რუს. და გერმ | ||
| 546 | _aთავფურცლის მე-3 გვ. სათ. რუს. და გერმ. ენ | ||
| 653 | _aკრიმინალისტიკა | ||
| 653 | _aდანაშაულის გამოძიება | ||
| 653 | _aდანაშაულის გახსნა | ||
| 653 | _aსამართალი | ||
| 700 |
_aკოზმანაშვილი, შოთა _eრედაქტორი _97991 |
||
| 700 |
_aგახოკიძე, ჯემალ _eრედაქტორი _97992 |
||
| 942 |
_cBK _2udc |
||